Statistics for Geographic groups #1

Click here to take the quiz!

General Stats

  • This quiz has been taken 570 times
    (569 since last reset)
  • The average score is 58 of 100

Answer Stats

Hint Answer % Correct
Lesotho
92%
Russia
91%
United Kingdom
90%
Madagascar
89%
Mexico
88%
Nigeria
88%
Asian countries that start with "L"Laos
88%
The Holy See (Vatican)
88%
Vatican City
88%
London
86%
San Marino
84%
Oslo
84%
Chad
83%
United States of America
83%
Capitals closest to ReykjavikDublin
82%
Ireland
81%
South Korea
81%
Seychelles
81%
Sao Tome & Principe
81%
China
81%
Island nations of AfricaCape Verde
81%
Countries that start with "Saint"Saint Kitts & Nevis
80%
Portugal
80%
Comoros
78%
Saint Vincent & the Grenadines
78%
Saint Lucia
78%
Mali
78%
Mauritius
78%
African countries that border only one other countryGambia
76%
Lebanon
76%
Countries bordering NigerAlgeria
75%
Ukraine
74%
Argentina
73%
European countries that border only one other countryDenmark
73%
Gulf of Mexico countriesCuba
73%
Asian countries that border only one other countryBrunei
73%
Yucatan
73%
Chile
72%
Nauru
71%
Iran
71%
European countries primary using the Cyrillic scriptBelarus
70%
Libya
70%
Monaco
70%
Tuvalu
68%
France
68%
Singapore
68%
East Timor
66%
New Zealand
66%
Qatar
66%
Countries with the most borders (including overseas territories)Brazil
65%
Australia
65%
Mongol Empire
64%
Germany
63%
Burkina Faso
63%
Tokyo
62%
Biggest peninsulas of MexicoBaja California
62%
South Africa
61%
Iraq
61%
Bulgaria
61%
Benin
59%
Muslim countries with Shia majorityBahrain
57%
New York
57%
Serbia
56%
D.R. Congo
54%
Non-Member states of the United NationsKosovo
50%
Macedonia
47%
Largest empires in history (by land area)British Empire
46%
Vienna
45%
Smallest Oceania states by areaMarshall Islands
45%
Palestine (observer state)
43%
Countries / landmasses with wild penguin populationsAntarctica
42%
Taiwan
42%
Jerusalem District
38%
Vilnius
37%
World capitals that start with "V"Vaduz
35%
Largest peninsulas of the worldArabian peninsula
35%
Spanish Empire
34%
Cyprus
33%
Tel Aviv District
32%
Vientiane
31%
Indo-Chinese peninsula
30%
Papua New Guinea
28%
Valetta
27%
Indian peninsula
24%
Districts of IsraelCentral District
24%
Russian Empire
23%
Chicago
19%
Haifa District
16%
Victoria
15%
Somali Peninsula
14%
Northern District / Golan Heights
13%
Southern District
10%
Top 5 largest cities by land areaAtlanta
6%
Judea and Samaria Area
5%
Soviet Union
5%
Labrador Peninsula
5%
Philadelphia
4%
Nuuk (Greenland, DK)
1%

Score Distribution

Percentile by Number Answered

Percent of People with Each Score

Your Score History

You have not taken this quiz since the last reset